000
00478nam a2200181Ia 4500
008
090122s9999 xx 000 0 und d
082
_b
12578
100
_a
कदम
_b
बाबा
245
_a
इन्साफ
260
_b
दिलीपराज
_c
2007
300
_a
316
501
_a
दिलीपराज प्रकाशन
600
_a
कदम
630
_a
इन्साफ
700
_a
कदम
730
_a
इन्साफ
942
_c
BOOK
999
_c
36655
_d
36655